Platební neschopnost - a jak ji řešit.

Medzipodniková zadlženosť dosiahla k 31.12.1990 54 mld. Kčs. Príčiny platobnej neschopnosti podnikov vyplývajúce z uplatňovania centrálneho riadenia ekonomiky. Konjunkturálne faktory platobnej neschopnosti podnikov v r. 1990. Predpoklady spevnenia finančnej disciplíny podnikov. Platobná neschopnosť...

Ausführliche Beschreibung

Gespeichert in:
Bibliographische Detailangaben
1. Verfasser: Kameníčková, Věra
Format: Buchkapitel
Sprache:Tschechisch
Schlagworte:
Tags: Tag hinzufügen
Keine Tags, Fügen Sie das erste Tag hinzu!

MARC

LEADER 00000naa a2200000 4500
001 r001561
005 20230221121012.7
041 0 |a cze 
044 |a [CS] 
245 1 0 |a Platební neschopnost - a jak ji řešit.  |c Věra Kameníčková 
520 |a Medzipodniková zadlženosť dosiahla k 31.12.1990 54 mld. Kčs. Príčiny platobnej neschopnosti podnikov vyplývajúce z uplatňovania centrálneho riadenia ekonomiky. Konjunkturálne faktory platobnej neschopnosti podnikov v r. 1990. Predpoklady spevnenia finančnej disciplíny podnikov. Platobná neschopnosť súkromných podnikov. 
610 2 0 |a solventnosť 
610 2 0 |a insolventnosť 
610 2 0 |a podnik 
610 2 0 |a disciplína finančná 
610 2 0 |a podnik súkromný 
610 2 0 |a ČSFR 
610 2 0 |a 1990 
100 1 |a Kameníčková, Věra